000 00326cam a22001097a 4500
008 180718b1951 xxu||||| |||| 00| 0 eng d
082 _aA6x5433
245 _aPatiala and East Punjab states union historical background
_cby Ganda Singh
260 _aPatiala
_bArchives Department
_c1951
300 _a100p.
700 _aSingh, Ganda
999 _c487423
_d487423